000 01201naa a22003137a 4500
001 BR8204065
003 BR-BrBNA
005 20240918175123.0
007 ta
008 230509b bl.||||| |||| 00| 0 por d
040 _aBR-BrBNA
_bpor
_cBiblioteca Nacional de Agricultura
041 _a(Pt)
072 _aF30; F25; F00
_b1910
_bG514
_bGZ74
090 _aF30 BR8204065
100 1 _aSouza, N.M. de
111 1 _a1. Encontro sobre Formacao e Manejo de Pastagens em Areas de Cerrados
_cUberlandia, MG (Brazil)
_d1 Jun 1982
245 1 _aEscolha de especies forrageiras adequadas as areas de cerrado [Brasil]
260 3 _aBelo Horizonte, MG (Brasil):
_c1982.
500 _aAnais do 1. encontro sobre formacao e manejo de pastagens em areas de cerrados Belo Horizonte, MG (Brasil): 1982. p. 1-46 (BR8204065-AM)F30
650 _aPLANTA FORRAGEIRA
650 _aINTRODUCAO DE PLANTA
650 _aSOLO
650 _aACIDEZ DO SOLO
650 _aPH
650 _aCERRADO
773 0 _tAnais do 1. encontro sobre formacao e manejo de pastagens em areas de cerrados
_wF30 BR8204065
_gBelo Horizonte, MG (Brasil), 1982. p. 1-46
909 _a202404
_bLucia
_c55
_dLucia Elande
942 _cAM
_2AGRIS
999 _c315123
_d315123